[Event "21. Open Cappelle la Grande"]
[Site "Cappelle la Grande FRA"]
[Date "2005.02.13"]
[Round "3"]
[White "Wang Rui"]
[Black "Mulligan, Stephen"]
[Result "1/2-1/2"]
[WhiteElo "2478"]
[BlackElo "2157"]
[PlyCount "128"]
[EventDate "2005.02.12"]
[EventType "swiss"]
[EventRounds "9"]
[EventCountry "FRA"]
[Source "lmi"]
[SourceDate "2005.02.18"]

1. Nf3 Nf6 2. g3 g6 3. Bg2 Bg7 4. O-O O-O 5. c4 c5 6. Nc3 Nc6 7. d4 d6 8. d5
Na5 9. Nd2 Rb8 10. Qc2 a6 11. b3 b5 12. Bb2 Bd7 13. Rab1 e5 14. dxe6 Bxe6 15.
Nd5 Nxd5 16. Bxg7 Kxg7 17. cxd5 Bd7 18. f4 f6 19. e4 Qe7 20. Rbe1 Nb7 21. Qb2
Rbe8 22. h3 Nd8 23. Re3 Nf7 24. Nf3 Kg8 25. Rfe1 Qd8 26. Kh2 b4 27. Qc1 Qc8 28.
Qd2 Qd8 29. Qc1 Qc8 30. a3 bxa3 31. Qxa3 Bb5 32. Qb2 Qd8 33. Qc3 Qe7 34. e5
fxe5 35. fxe5 Nxe5 36. Nxe5 dxe5 37. Rxe5 Qg7 38. d6 Rxe5 39. Rxe5 Rf5 40. Rxc5
Qxc3 41. Rxc3 Kf7 42. Rc2 Ke6 43. Rd2 Re5 44. Bf3 h5 45. g4 Re3 46. Kg2 h4 47.
Kf2 Rd3 48. Rxd3 Bxd3 49. Ke3 Bf1 50. Kf4 Kxd6 51. Kg5 Ke5 52. Bb7 a5 53. Kxg6
Kf4 54. g5 Bxh3 55. Kf6 Bf5 56. g6 Bxg6 57. Kxg6 Ke3 58. Kg5 h3 59. Kg4 h2 60.
Kg3 Kd3 61. Kxh2 Kc3 62. Bd5 Kb4 63. Kg3 a4 64. bxa4 Kxa4 1/2-1/2

[Event "21. Open Cappelle la Grande"]
[Site "Cappelle la Grande FRA"]
[Date "2005.02.13"]
[Round "3"]
[White "Le Corre, Benjamin"]
[Black "Genov, Petar"]
[Result "0-1"]
[WhiteElo "2150"]
[BlackElo "2470"]
[PlyCount "82"]
[EventDate "2005.02.12"]
[EventType "swiss"]
[EventRounds "9"]
[EventCountry "FRA"]
[Source "lmi"]
[SourceDate "2005.02.18"]

1. e4 c5 2. Nf3 e6 3. d4 cxd4 4. Nxd4 a6 5. Nc3 Qc7 6. g3 Bb4 7. Nde2 Nf6 8.
Bg2 Be7 9. O-O Nc6 10. Nf4 O-O 11. Nd3 d6 12. f4 b5 13. a3 Rd8 14. g4 d5 15. e5
Nd7 16. Ne2 a5 17. Be3 Ba6 18. Nd4 b4 19. Nxc6 Qxc6 20. axb4 axb4 21. Rf2 Bb5
22. Rc1 Rdc8 23. f5 b3 24. cxb3 Qa6 25. fxe6 fxe6 26. Rxc8+ Rxc8 27. Nf4 Nf8
28. Rc2 Rxc2 29. Qxc2 Qa1+ 30. Kf2 Bh4+ 31. Kf3 Qa6 32. Bf2 Bg5 33. Bd4 Bf1 34.
Qf2 Bxg2+ 35. Kxg2 h6 36. Nh5 Qd3 37. h4 Bxh4 38. Qxh4 Qxd4 39. Qg3 Qxb2+ 40.
Kh3 Ng6 41. g5 Qe2 0-1

[Event "21. Open Cappelle la Grande"]
[Site "Cappelle la Grande FRA"]
[Date "2005.02.13"]
[Round "3"]
[White "Oudot, Jean Baptiste"]
[Black "Kasparov, Sergey"]
[Result "0-1"]
[WhiteElo "2142"]
[BlackElo "2464"]
[PlyCount "88"]
[EventDate "2005.02.12"]
[EventType "swiss"]
[EventRounds "9"]
[EventCountry "FRA"]
[Source "lmi"]
[SourceDate "2005.02.18"]

1. e4 c6 2. d4 d5 3. Nd2 dxe4 4. Nxe4 Bf5 5. Ng3 Bg6 6. h4 h6 7. Nf3 Nd7 8. h5
Bh7 9. Bd3 Bxd3 10. Qxd3 e6 11. Bd2 Ngf6 12. O-O-O Be7 13. Qe2 O-O 14. Kb1 c5
15. d5 Nxd5 16. Ne4 Qb6 17. g4 f5 18. gxf5 exf5 19. Qc4 fxe4 20. Qxd5+ Kh8 21.
Nh4 Bxh4 22. Rxh4 Nf6 23. Qf5 Rad8 24. Rhh1 Rd5 25. Qg6 Rfd8 26. Rdg1 Nxh5 27.
Qg4 Rxd2 28. Qxh5 Qf6 29. Qxc5 Qc6 30. Qxc6 bxc6 31. Re1 Re8 32. Rhf1 Rf8 33.
Rxe4 Rdxf2 34. Rxf2 Rxf2 35. b3 g5 36. Re6 Kg7 37. Rxc6 g4 38. Rc3 h5 39. Rg3
Kf6 40. c4 Kg5 41. c5 h4 42. Rg1 h3 43. c6 h2 44. Rh1 g3 0-1

[Event "21. Open Cappelle la Grande"]
[Site "Cappelle la Grande FRA"]
[Date "2005.02.13"]
[Round "3"]
[White "Szylar, Eric"]
[Black "Raetsky, Alexander"]
[Result "0-1"]
[WhiteElo "2103"]
[BlackElo "2459"]
[PlyCount "108"]
[EventDate "2005.02.12"]
[EventType "swiss"]
[EventRounds "9"]
[EventCountry "FRA"]
[Source "lmi"]
[SourceDate "2005.02.18"]

1. e4 c5 2. Nf3 Nc6 3. d4 cxd4 4. Nxd4 Nf6 5. Nc3 e6 6. Ndb5 Bc5 7. Nd6+ Ke7 8.
Bf4 e5 9. Nxc8+ Rxc8 10. Bg5 Bb4 11. Qd2 Bxc3 12. Qxc3 Nd4 13. Qb4+ d6 14. Bd3
Nxc2+ 15. Bxc2 Rxc2 16. Qxb7+ Qd7 17. Qb3 Qc7 18. O-O Rb8 19. Qh3 h6 20. Bxf6+
gxf6 21. b3 Rb4 22. Qe3 Qb6 23. Qxb6 axb6 24. f3 Rd4 25. Rf2 Rdd2 26. Rxd2 Rxd2
27. Rc1 Kd7 28. a4 Rb2 29. Rc3 h5 30. h4 Rd2 31. b4 Ra2 32. b5 Rxa4 33. Rc6 Rb4
34. Rxb6 Kc7 35. Rc6+ Kd7 36. Rb6 Ke6 37. Rb8 f5 38. b6 fxe4 39. fxe4 Kd7 40.
Rf8 Ke7 41. Rh8 Rxb6 42. Rxh5 Rb4 43. Rg5 Rxe4 44. h5 Kf6 45. Rg8 Rh4 46. g4
Ke7 47. Rg7 d5 48. Kg2 d4 49. Kg3 Rh1 50. Rg5 Ke6 51. Rf5 d3 52. Rf2 e4 53. Kf4
Kd5 54. Ra2 Rf1+ 0-1

[Event "21. Open Cappelle la Grande"]
[Site "Cappelle la Grande FRA"]
[Date "2005.02.13"]
[Round "3"]
[White "Baba, Masahiro"]
[Black "Thorhallsson, Throstur"]
[Result "0-1"]
[WhiteElo "2081"]
[BlackElo "2455"]
[PlyCount "116"]
[EventDate "2005.02.12"]
[EventType "swiss"]
[EventRounds "9"]
[EventCountry "FRA"]
[Source "lmi"]
[SourceDate "2005.02.18"]

1. e4 c5 2. Nf3 d6 3. d4 cxd4 4. Nxd4 Nf6 5. Nc3 Nc6 6. Bg5 e6 7. Qd2 a6 8.
O-O-O Bd7 9. f3 Be7 10. h4 b5 11. Nxc6 Bxc6 12. Ne2 O-O 13. Nd4 Bb7 14. g4 Nd7
15. Bxe7 Qxe7 16. Nb3 d5 17. Na5 Nb6 18. Qd4 Qc7 19. Nxb7 Qxb7 20. h5 f6 21.
exd5 Nxd5 22. Bd3 Qc7 23. Kb1 Nf4 24. Rhe1 Rad8 25. Qb4 Nxd3 26. Rxd3 Rxd3 27.
cxd3 Qd7 28. Qb3 Kf7 29. f4 Rd8 30. f5 Qxd3+ 31. Qxd3 Rxd3 32. Rxe6 Rd4 33.
Rxa6 Rxg4 34. Rb6 b4 35. Kc2 Rh4 36. Kb3 Rxh5 37. Kxb4 Rxf5 38. a4 h5 39. a5
Rf1 40. Rb5 h4 41. a6 Rb1 42. b3 h3 43. a7 h2 44. a8=Q h1=Q 45. Rb7+ Kg6 46.
Qe8+ Kh7 47. Re7 Qd5 48. Re3 Qb7+ 49. Qb5 Qxb5+ 50. Kxb5 g5 51. b4 g4 52. Kc5
Kg6 53. b5 Kf5 54. b6 Kf4 55. Re7 g3 56. Rg7 f5 57. b7 Kf3 58. Kc6 f4 0-1

[Event "21. Open Cappelle la Grande"]
[Site "Cappelle la Grande FRA"]
[Date "2005.02.13"]
[Round "3"]
[White "Lalande, Jean Louis"]
[Black "Moranda, Wojciech"]
[Result "0-1"]
[WhiteElo "2056"]
[BlackElo "2451"]
[PlyCount "88"]
[EventDate "2005.02.12"]
[EventType "swiss"]
[EventRounds "9"]
[EventCountry "FRA"]
[Source "lmi"]
[SourceDate "2005.02.18"]

1. f4 d5 2. Nf3 Nf6 3. b3 g6 4. Bb2 Bg7 5. e3 O-O 6. Bd3 Nbd7 7. O-O Nc5 8. Be2
c6 9. Qe1 Ne8 10. Bxg7 Nxg7 11. Kh1 Bf5 12. d3 f6 13. Nh4 e5 14. g4 Bd7 15. f5
g5 16. Ng2 Kf7 17. c4 Qe7 18. b4 Na6 19. a3 h5 20. h3 hxg4 21. hxg4 Rh8+ 22.
Kg1 Rh6 23. Nc3 Nc7 24. cxd5 cxd5 25. Bf3 Qd6 26. Qd1 Bc6 27. Qb3 Rd8 28. b5
Be8 29. Rac1 Kg8 30. d4 Bf7 31. Qb4 Nge8 32. Qxd6 Nxd6 33. a4 Nc4 34. Rf2 Rh3
35. Na2 Ne8 36. Nb4 e4 37. Be2 Ned6 38. Nc2 Kg7 39. Rd1 Rdh8 40. Rff1 Nb2 41.
Ra1 Nd3 42. Nge1 Rh1+ 43. Kg2 R8h2+ 44. Kg3 Rh3+ 0-1

[Event "21. Open Cappelle la Grande"]
[Site "Cappelle la Grande FRA"]
[Date "2005.02.13"]
[Round "3"]
[White "Lacrosse, Marc"]
[Black "Socko, Bartosz"]
[Result "0-1"]
[WhiteElo "2288"]
[BlackElo "2591"]
[PlyCount "62"]
[EventDate "2005.02.12"]
[EventType "swiss"]
[EventRounds "9"]
[EventCountry "FRA"]
[Source "lmi"]
[SourceDate "2005.02.18"]

1. d4 Nf6 2. c4 e6 3. Nf3 b6 4. a3 Be7 5. Nc3 d5 6. cxd5 Nxd5 7. Qc2 Nxc3 8.
bxc3 c5 9. e4 Bb7 10. Bd3 Qc8 11. Qa2 Ba6 12. Bxa6 Qxa6 13. Qe2 O-O 14. Be3 Qb7
15. Qd3 Rd8 16. O-O Nd7 17. d5 exd5 18. exd5 c4 19. Qxc4 Nf6 20. Qc6 Qa6 21. a4
Nxd5 22. Bd4 Rac8 23. Qb5 Qb7 24. Rac1 Nf4 25. Rfe1 Rd5 26. Qf1 Bf8 27. Re4 Ne6
28. Qe1 Rcd8 29. h4 h6 30. Qe3 Qc7 31. Re1 Nc5 0-1

[Event "21. Open Cappelle la Grande"]
[Site "Cappelle la Grande FRA"]
[Date "2005.02.13"]
[Round "3"]
[White "Marechal, Andy"]
[Black "Rozentalis, Eduardas"]
[Result "0-1"]
[WhiteElo "2258"]
[BlackElo "2584"]
[PlyCount "76"]
[EventDate "2005.02.12"]
[EventType "swiss"]
[EventRounds "9"]
[EventCountry "FRA"]
[Source "lmi"]
[SourceDate "2005.02.18"]

1. e4 Nf6 2. e5 Nd5 3. d4 d6 4. c4 Nb6 5. exd6 cxd6 6. Nc3 Nc6 7. Be3 g6 8. a4
Bg7 9. a5 Nd7 10. Nf3 O-O 11. d5 Nxa5 12. Ra3 b6 13. b4 Nb7 14. Nd4 Bxd4 15.
Qxd4 f6 16. f4 a5 17. Nb5 Rb8 18. Qd2 axb4 19. Qxb4 Ndc5 20. Be2 Bd7 21. O-O
Ra8 22. Rb1 Ra6 23. Nd4 Qc7 24. Nc6 Bxc6 25. dxc6 Rxa3 26. Qxa3 Na5 27. f5 Nxc6
28. Bh6 Nd4 29. Bxf8 Nxe2+ 30. Kf1 Kxf8 31. Kxe2 gxf5 32. Qa8+ Kg7 33. Qd5 Ne4
34. Rb3 Qa7 35. Qd4 Qa4 36. Rxb6 Qc2+ 37. Kf3 e5 38. Qe3 Ng5+ 0-1

[Event "21. Open Cappelle la Grande"]
[Site "Cappelle la Grande FRA"]
[Date "2005.02.13"]
[Round "3"]
[White "Vysochin, Spartak"]
[Black "Ravot, Sylvain"]
[Result "1-0"]
[WhiteElo "2579"]
[BlackElo "2253"]
[PlyCount "69"]
[EventDate "2005.02.12"]
[EventType "swiss"]
[EventRounds "9"]
[EventCountry "FRA"]
[Source "lmi"]
[SourceDate "2005.02.18"]

1. e4 e5 2. Nf3 Nc6 3. Bb5 Nge7 4. c3 d5 5. Qe2 Bg4 6. d3 Qd6 7. h3 Bh5 8. Nbd2
O-O-O 9. exd5 Qxd5 10. Bc4 Qd7 11. Ne4 Nd5 12. O-O f5 13. Ng3 Bxf3 14. Qxf3 g6
15. Re1 Be7 16. Bh6 Bf6 17. Nxf5 Qxf5 18. Bxd5 Qxf3 19. Bxf3 Rxd3 20. Be3 a6
21. Be4 Rd6 22. f4 Re8 23. f5 Ne7 24. fxg6 Nxg6 25. g3 b6 26. Rf1 Rg8 27. Kh2
Nf8 28. Rf2 Kd8 29. a4 h5 30. h4 Ke7 31. a5 Nd7 32. axb6 Nxb6 33. Bc5 Nc4 34.
b3 Rg4 35. Bf5 1-0

[Event "21. Open Cappelle la Grande"]
[Site "Cappelle la Grande FRA"]
[Date "2005.02.13"]
[Round "3"]
[White "Laurent, Julien G"]
[Black "Palac, Mladen"]
[Result "0-1"]
[WhiteElo "2252"]
[BlackElo "2575"]
[PlyCount "82"]
[EventDate "2005.02.12"]
[EventType "swiss"]
[EventRounds "9"]
[EventCountry "FRA"]
[Source "lmi"]
[SourceDate "2005.02.18"]

1. c4 Nf6 2. Nc3 e5 3. g3 d5 4. cxd5 Nxd5 5. Bg2 Nb6 6. Nf3 Nc6 7. O-O Be7 8.
Rb1 Be6 9. b4 f6 10. a3 O-O 11. d3 a5 12. b5 Nd4 13. Nxd4 exd4 14. Na4 Bd5 15.
Nxb6 cxb6 16. Bb2 Bxg2 17. Kxg2 Qd5+ 18. Kg1 a4 19. Qd2 Ra5 20. Qf4 Bc5 21. Bc1
Re8 22. Qf3 Qd7 23. Re1 Re7 24. Bd2 Rxb5 25. Rxb5 Qxb5 26. Qd5+ Kf8 27. Bb4 Qd7
28. Qxd7 Rxd7 29. Rb1 Ke7 30. Bxc5+ bxc5 31. Rb5 Kd6 32. Ra5 Kc6 33. Rxa4 b5
34. Ra8 b4 35. axb4 cxb4 36. Kf1 b3 37. Ra1 Kb5 38. Ke1 Kb4 39. Ra8 b2 40. Rb8+
Kc3 41. Rc8+ Kb3 0-1

[Event "21. Open Cappelle la Grande"]
[Site "Cappelle la Grande FRA"]
[Date "2005.02.13"]
[Round "3"]
[White "Rouzaud, Philippe"]
[Black "Perunovic, Milos"]
[Result "0-1"]
[WhiteElo "2248"]
[BlackElo "2564"]
[PlyCount "122"]
[EventDate "2005.02.12"]
[EventType "swiss"]
[EventRounds "9"]
[EventCountry "FRA"]
[Source "lmi"]
[SourceDate "2005.02.18"]

1. e4 c5 2. Nc3 Nc6 3. d3 g6 4. Be3 d6 5. d4 cxd4 6. Bxd4 Nxd4 7. Qxd4 Nf6 8.
e5 dxe5 9. Bb5+ Bd7 10. Qxe5 a6 11. Bxd7+ Qxd7 12. Nf3 Bg7 13. Rd1 Qf5 14. Qxf5
gxf5 15. Ne2 Rc8 16. c3 O-O 17. Ned4 e6 18. Ke2 Rc5 19. Rhe1 Rfc8 20. Kf1 Nd5
21. g3 Ra5 22. a3 Nb6 23. Re2 Nc4 24. Ne1 Rd8 25. f4 Rb5 26. Nef3 Rb6 27. Ra1
Bxd4 28. cxd4 Rb3 29. Kg2 Rc8 30. Ra2 Ne3+ 31. Kh3 Rc1 32. a4 Rc2 33. Rxc2 Nxc2
34. Nd2 Rd3 35. Nc4 Rxd4 36. b3 Nb4 37. Rd2 Rxd2 38. Nxd2 f6 39. Nc4 Kf8 40.
Kh4 Nc6 41. Kh5 Nd4 42. Kh6 b5 43. axb5 axb5 44. Nd2 Kf7 45. b4 e5 46. fxe5
fxe5 47. Kg5 Ke6 48. h4 e4 49. Nf1 Nc2 50. g4 e3 51. gxf5+ Kf7 52. Ng3 Nd4 53.
Kf4 e2 54. Nxe2 Nxe2+ 55. Ke5 Nc3 56. Kd4 Nb1 57. Ke5 Na3 58. h5 h6 59. f6 Nc2
60. Kd5 Kxf6 61. Kc5 Na3 0-1

[Event "21. Open Cappelle la Grande"]
[Site "Cappelle la Grande FRA"]
[Date "2005.02.13"]
[Round "3"]
[White "Montheard, Xavier"]
[Black "Shchekachev, Andrei"]
[Result "0-1"]
[WhiteElo "2247"]
[BlackElo "2559"]
[PlyCount "66"]
[EventDate "2005.02.12"]
[EventType "swiss"]
[EventRounds "9"]
[EventCountry "FRA"]
[Source "lmi"]
[SourceDate "2005.02.18"]

1. e4 c5 2. Nf3 b6 3. d4 cxd4 4. Nxd4 Bb7 5. Nc3 a6 6. Bd3 g6 7. Be3 d6 8. h4
h5 9. Nd5 Nd7 10. c4 Bg7 11. Bc2 Ngf6 12. Ba4 b5 13. Nxf6+ Nxf6 14. cxb5 O-O
15. O-O Ng4 16. bxa6 Nxe3 17. fxe3 Bxa6 18. Rf3 e6 19. b4 Bb7 20. Bc6 Bxc6 21.
Nxc6 Qxh4 22. e5 dxe5 23. a4 e4 24. Rh3 Qg5 25. Ra2 Rfc8 26. Qd7 Rd8 27. Nxd8
Rxd8 28. Qc7 Rd1+ 29. Kf2 Be5 30. Qc8+ Kg7 31. Qc2 Qf6+ 32. Rf3 Qh4+ 33. Ke2
Qe1# 0-1

[Event "21. Open Cappelle la Grande"]
[Site "Cappelle la Grande FRA"]
[Date "2005.02.13"]
[Round "3"]
[White "Muhren, Willem"]
[Black "Yemelin, Vasily"]
[Result "0-1"]
[WhiteElo "2246"]
[BlackElo "2555"]
[PlyCount "90"]
[EventDate "2005.02.12"]
[EventType "swiss"]
[EventRounds "9"]
[EventCountry "FRA"]
[Source "lmi"]
[SourceDate "2005.02.18"]

1. e4 e5 2. Nf3 Nc6 3. Nc3 Nf6 4. g3 d5 5. exd5 Nxd5 6. Bg2 Nb6 7. O-O Bc5 8.
d3 O-O 9. Be3 Bb4 10. a3 Bxc3 11. bxc3 Bg4 12. h3 Bf5 13. Ng5 Nd5 14. Bd2 Qd7
15. Kh2 Rad8 16. Qb1 b6 17. Qb5 Bg6 18. Rae1 f6 19. Nf3 Rfe8 20. Nh4 Bf7 21.
Bc1 a6 22. Qb2 Nde7 23. Re2 Bd5 24. Rfe1 b5 25. Nf3 h6 26. Nd2 Bxg2 27. Kxg2
Kh7 28. f3 Nd5 29. Ne4 Nce7 30. Bd2 Qc6 31. Rb1 f5 32. Nf2 f4 33. g4 Ng6 34.
Ne4 Nh4+ 35. Kf2 Nf6 36. Nxf6+ gxf6 37. Re4 Qb6+ 38. Ke2 f5 39. gxf5 Nxf5 40.
Be1 Rg8 41. d4 exd4 42. Bf2 Rg2 43. cxd4 Nxd4+ 44. Kf1 Rxf2+ 45. Kxf2 Nf5+ 0-1

[Event "21. Open Cappelle la Grande"]
[Site "Cappelle la Grande FRA"]
[Date "2005.02.13"]
[Round "3"]
[White "Cieza, Arcadio"]
[Black "Svetushkin, Dmitry"]
[Result "0-1"]
[WhiteElo "2242"]
[BlackElo "2530"]
[PlyCount "70"]
[EventDate "2005.02.12"]
[EventType "swiss"]
[EventRounds "9"]
[EventCountry "FRA"]
[Source "lmi"]
[SourceDate "2005.02.18"]

1. e4 c6 2. d4 d5 3. exd5 cxd5 4. Bd3 Nc6 5. c3 Qc7 6. Ne2 Bg4 7. f3 Bd7 8. Bf4
e5 9. dxe5 Nxe5 10. Qc2 Bd6 11. Bxe5 Bxe5 12. g3 Nf6 13. Nd2 Rc8 14. f4 Bd6 15.
h3 O-O 16. O-O-O Qa5 17. Kb1 Ba4 18. Nb3 Qc7 19. Rhf1 b5 20. g4 Rfe8 21. Bf5
Qc4 22. Rd4 Qc6 23. Bxc8 Qxc8 24. Ng3 Bf8 25. Qf5 Qc6 26. g5 Ne4 27. Nxe4 dxe4
28. Re1 b4 29. c4 e3 30. Qd5 Qg6+ 31. Ka1 Qc2 32. f5 g6 33. f6 Qf2 34. Rdd1 Re6
35. Qa5 Rd6 0-1

[Event "21. Open Cappelle la Grande"]
[Site "Cappelle la Grande FRA"]
[Date "2005.02.13"]
[Round "3"]
[White "Van Hoolandt, Patrick"]
[Black "Totsky, Leonid"]
[Result "1/2-1/2"]
[WhiteElo "2238"]
[BlackElo "2515"]
[PlyCount "51"]
[EventDate "2005.02.12"]
[EventType "swiss"]
[EventRounds "9"]
[EventCountry "FRA"]
[Source "lmi"]
[SourceDate "2005.02.18"]

1. d4 e6 2. c4 b6 3. Nf3 Bb7 4. Nc3 Bb4 5. Bg5 f6 6. Bd2 f5 7. g3 Nf6 8. Bg2
O-O 9. O-O a5 10. Rc1 Qe7 11. e3 Ne4 12. a3 Bxc3 13. Bxc3 d6 14. Qc2 Nd7 15. b4
axb4 16. axb4 Ndf6 17. b5 g5 18. Nxg5 Rab8 19. Nh3 Nxc3 20. Qxc3 Bxg2 21. Kxg2
e5 22. f3 Rbe8 23. Rce1 Rf7 24. d5 Nd7 25. f4 Nc5 26. Ng5 1/2-1/2

[Event "21. Open Cappelle la Grande"]
[Site "Cappelle la Grande FRA"]
[Date "2005.02.13"]
[Round "3"]
[White "Makropoulou, Marina"]
[Black "Van Der Weide, Karel"]
[Result "1/2-1/2"]
[WhiteElo "2237"]
[BlackElo "2490"]
[PlyCount "98"]
[EventDate "2005.02.12"]
[EventType "swiss"]
[EventRounds "9"]
[EventCountry "FRA"]
[Source "lmi"]
[SourceDate "2005.02.18"]

1. e4 c5 2. Nf3 e6 3. d4 cxd4 4. Nxd4 a6 5. Bd3 Nf6 6. O-O Qc7 7. Qe2 d6 8. c4
g6 9. Nc3 Bg7 10. Be3 O-O 11. Rac1 Nbd7 12. f4 Re8 13. b4 b6 14. Nb3 Bb7 15. h3
Rab8 16. Qf2 Ba8 17. Rfd1 Red8 18. Rc2 Qb7 19. Nd4 Rbc8 20. a4 Qb8 21. Nf3 Re8
22. g4 Qb7 23. Rdc1 Rcd8 24. Nd2 d5 25. c5 dxe4 26. c6 Qxc6 27. Bxa6 Qd6 28.
Nb5 Qxb4 29. Rc4 Qe7 30. Nc7 Rf8 31. Nxa8 Rxa8 32. Bb5 Nd5 33. Nxe4 Rad8 34.
Kg2 f5 35. Ng3 fxg4 36. hxg4 N7f6 37. Bxb6 Nxb6 38. Qxb6 Nxg4 39. Re1 e5 40.
Rc7 Rd2+ 41. Be2 Qf6 42. Qxf6 Nxf6 43. fxe5 Nd5 44. Rc5 Bxe5 45. Rxd5 Bxg3 46.
Kxg3 Rxd5 47. Bc4 Rff5 48. Rd1 Rg5+ 49. Kf3 Rgf5+ 1/2-1/2

[Event "21. Open Cappelle la Grande"]
[Site "Cappelle la Grande FRA"]
[Date "2005.02.13"]
[Round "3"]
[White "Scetinin, Alexander"]
[Black "Pogorelov, Ruslan"]
[Result "1-0"]
[WhiteElo "2237"]
[BlackElo "2472"]
[PlyCount "65"]
[EventDate "2005.02.12"]
[EventType "swiss"]
[EventRounds "9"]
[EventCountry "FRA"]
[Source "lmi"]
[SourceDate "2005.02.18"]

1. e4 c5 2. Nf3 Nc6 3. c3 d5 4. exd5 Qxd5 5. d4 e6 6. a3 Nf6 7. Bd3 cxd4 8.
cxd4 Be7 9. Nc3 Qd6 10. O-O O-O 11. Bc2 Rd8 12. Be3 b6 13. Qd3 g6 14. Rfd1 Bb7
15. Rac1 Rac8 16. h3 Qb8 17. Bg5 Nd5 18. Nxd5 Bxg5 19. Nxg5 Rxd5 20. Qe3 Rcd8
21. Ne4 Rxd4 22. Nf6+ Kg7 23. Ng4 Rxd1+ 24. Bxd1 f5 25. Qh6+ Kh8 26. Qg5 Rf8
27. Bf3 Qd6 28. Bxc6 Bxc6 29. Ne5 Qxe5 30. Rxc6 Qxb2 31. Qe7 Rg8 32. Qxa7 Rd8
33. Rc7 1-0

[Event "21. Open Cappelle la Grande"]
[Site "Cappelle la Grande FRA"]
[Date "2005.02.13"]
[Round "3"]
[White "Duhayon, Yves"]
[Black "Szoen, Dariusz"]
[Result "1/2-1/2"]
[WhiteElo "2233"]
[BlackElo "2465"]
[PlyCount "100"]
[EventDate "2005.02.12"]
[EventType "swiss"]
[EventRounds "9"]
[EventCountry "FRA"]
[Source "lmi"]
[SourceDate "2005.02.18"]

1. d4 Nf6 2. c4 g6 3. Nc3 Bg7 4. e4 d6 5. Nf3 O-O 6. h3 e5 7. d5 a5 8. Bg5 h6
9. Be3 Na6 10. Nd2 Bd7 11. Be2 c6 12. a3 Rb8 13. Rb1 Ne8 14. g4 Kh7 15. h4 cxd5
16. cxd5 f5 17. gxf5 gxf5 18. exf5 Bxf5 19. Nde4 Nc5 20. Nxc5 dxc5 21. Bxc5 Nd6
22. Rg1 b6 23. Bxd6 Qxd6 24. Bd3 e4 25. Nxe4 Rbe8 26. f3 Bd4 27. Rg2 Qf4 28.
Qe2 Be3 29. Kd1 Kh8 30. Kc2 Rc8+ 31. Kb3 Qe5 32. Nc3 a4+ 33. Ka2 Rxc3 34. bxc3
Qxd5+ 35. Bc4 Bxb1+ 36. Kxb1 Qf5+ 37. Bd3 Qc5 38. Rg4 h5 39. Re4 Bf4 40. Re8
Qg1+ 41. Ka2 Qg8+ 42. Re6 Re8 43. Bc4 Rd8 44. Rh6+ Bxh6 45. Bxg8 Rd2+ 46. Qxd2
Bxd2 47. Bf7 Bxc3 48. Bxh5 Be1 49. Be8 Bxh4 50. Bxa4 Kg7 1/2-1/2

[Event "21. Open Cappelle la Grande"]
[Site "Cappelle la Grande FRA"]
[Date "2005.02.13"]
[Round "3"]
[White "Marcelin, Cyril"]
[Black "Ferkingstad, Sjur"]
[Result "1-0"]
[WhiteElo "2464"]
[BlackElo "2230"]
[PlyCount "85"]
[EventDate "2005.02.12"]
[EventType "swiss"]
[EventRounds "9"]
[EventCountry "FRA"]
[Source "lmi"]
[SourceDate "2005.02.18"]

1. d4 f5 2. Nf3 g6 3. g3 Bg7 4. Bg2 Nf6 5. b4 c6 6. c4 d5 7. Qb3 Be6 8. c5 Ne4
9. O-O Nd7 10. Bf4 O-O 11. Nbd2 Bf7 12. Qe3 Qe8 13. Bh6 Ndf6 14. Ne5 Nxd2 15.
Qxd2 Nd7 16. Bxg7 Kxg7 17. Qf4 Be6 18. a4 Nxe5 19. Qxe5+ Rf6 20. f4 Kg8 21.
Rfb1 Bc8 22. Qc7 Qd7 23. Qxd7 Bxd7 24. b5 Rff8 25. e3 e6 26. Bf1 Kf7 27. a5
Rfb8 28. Rb2 Ke7 29. Rab1 Rc8 30. bxc6 bxc6 31. Ba6 Rc7 32. Rb8 Rxb8 33. Rxb8
Be8 34. Bb7 Bd7 35. a6 Be8 36. Ra8 Bd7 37. Kf2 Kf6 38. Rh8 Kg7 39. Ra8 Kf6 40.
Ke2 h6 41. Kd2 g5 42. Kc3 gxf4 43. exf4 1-0

[Event "21. Open Cappelle la Grande"]
[Site "Cappelle la Grande FRA"]
[Date "2005.02.13"]
[Round "3"]
[White "Georgiev, Krum"]
[Black "Piot, Olivier"]
[Result "1-0"]
[WhiteElo "2456"]
[BlackElo "2226"]
[PlyCount "141"]
[EventDate "2005.02.12"]
[EventType "swiss"]
[EventRounds "9"]
[EventCountry "FRA"]
[Source "lmi"]
[SourceDate "2005.02.18"]

1. e4 e5 2. Nf3 Nf6 3. Nxe5 d6 4. Nf3 Nxe4 5. Qe2 Qe7 6. d3 Nf6 7. Bg5 Nbd7 8.
Nc3 Qxe2+ 9. Bxe2 h6 10. Bh4 g5 11. Bg3 Nb6 12. Nd4 Bd7 13. Ndb5 Kd8 14. Bf3
Bc6 15. Bxc6 bxc6 16. Nd4 Kd7 17. h4 g4 18. Nce2 Nh5 19. Nf5 Nd5 20. Ne3 Rg8
21. c4 Ne7 22. O-O-O Rg6 23. d4 Rb8 24. Rd3 Bg7 25. Rhd1 Rb7 26. R1d2 Bh8 27.
Ra3 Rg8 28. Ra5 Nf6 29. Nc3 Bg7 30. a3 Re8 31. Kc2 Nc8 32. Nf5 Bf8 33. Re2 Ne7
34. Nxe7 Bxe7 35. Bf4 Ng8 36. b4 Bxh4 37. Rxe8 Kxe8 38. Be3 Bd8 39. Kd3 Kf8 40.
Ra6 h5 41. Rxc6 a5 42. b5 Ne7 43. Ra6 Ng6 44. Ra8 Ke7 45. Bg5+ f6 46. Nd5+ Ke6
47. Bd2 Be7 48. g3 f5 49. Rg8 Kf7 50. Rxg6 Kxg6 51. Nxe7+ Kf7 52. Nc6 Kf6 53.
a4 Kg6 54. Bf4 Kf6 55. c5 d5 56. Kd2 Kg6 57. Ke3 Kf6 58. Bh6 Kg6 59. Kf4 Kxh6
60. Kxf5 h4 61. Kxg4 hxg3 62. fxg3 Kg6 63. Kf4 Kf6 64. g4 Kg6 65. g5 Kg7 66.
Kf5 Kf7 67. g6+ Kg7 68. Kg5 Kg8 69. Kf6 Kh8 70. Kf7 Rb8 71. Nxb8 1-0

[Event "21. Open Cappelle la Grande"]
[Site "Cappelle la Grande FRA"]
[Date "2005.02.13"]
[Round "3"]
[White "Aagaard, Jacob"]
[Black "Edouard, Romain"]
[Result "1/2-1/2"]
[WhiteElo "2449"]
[BlackElo "2221"]
[PlyCount "39"]
[EventDate "2005.02.12"]
[EventType "swiss"]
[EventRounds "9"]
[EventCountry "FRA"]
[Source "lmi"]
[SourceDate "2005.02.18"]

1. e4 c5 2. Nf3 Nc6 3. d4 cxd4 4. Nxd4 e5 5. Nb5 d6 6. N1c3 a6 7. Na3 b5 8. Nd5
Nge7 9. c4 Nxd5 10. cxd5 Nd4 11. Bd3 Be7 12. O-O O-O 13. Be3 Bb7 14. Bxd4 exd4
15. Nc2 Qb6 16. Qd2 a5 17. b4 Rfc8 18. Rfb1 a4 19. Na3 Rc3 20. Nc2 1/2-1/2

[Event "21. Open Cappelle la Grande"]
[Site "Cappelle la Grande FRA"]
[Date "2005.02.13"]
[Round "3"]
[White "Peric, Slavisa"]
[Black "Milanovic, Danilo"]
[Result "0-1"]
[WhiteElo "2230"]
[BlackElo "2447"]
[PlyCount "82"]
[EventDate "2005.02.12"]
[EventType "swiss"]
[EventRounds "9"]
[EventCountry "FRA"]
[Source "lmi"]
[SourceDate "2005.02.18"]

1. d4 Nf6 2. Nf3 d6 3. Nc3 Bg4 4. e4 e6 5. Be2 Be7 6. O-O O-O 7. Be3 d5 8. exd5
Nxd5 9. Nxd5 Qxd5 10. c3 Qd8 11. Ne5 Bxe2 12. Qxe2 c6 13. f4 Nd7 14. Nxd7 Qxd7
15. Qh5 g6 16. Qh6 Rfd8 17. g4 f5 18. Qh3 Qd5 19. a3 fxg4 20. Qxg4 Rf8 21. Rae1
Rf5 22. Bc1 Bd6 23. Qe2 Re8 24. Rd1 b5 25. Rde1 a6 26. Qe4 Kf7 27. Rf3 Re7 28.
Rg3 Ke8 29. Rg5 Qc4 30. h4 Kd7 31. h5 Rxg5+ 32. fxg5 gxh5 33. Qf3 h4 34. Be3
Qd3 35. Rf1 Bg3 36. Bc1 Qc2 37. Qg2 Qg6 38. Kh1 Rf7 39. Rxf7+ Qxf7 40. Kg1 Qf5
41. Qf1 Bh2+ 0-1